000 00537nam a2200181Ia 4500
001 17322
005 20260306171509.0
008 260306s9999||||xx |||||||||||||| ||und||
041 _aESP
082 _a657.61
_bS64
100 _aSociedad Nacional de Minería Petróleo y Energía
_eAUT
245 0 _aManual de aplicación práctica de las normas internacionales de información financiera en el sector minero
260 _c2015
300 _a304 páginas :
_c29 cm.
650 _aGEN
654 _aCCO
942 _cLIB
_dJUS
_fJUS
_2ddc
_n
999 _c17322
_d17322